Mystic River /

Đã lưu trong:
Chi tiết về thư mục
Tác giả chính: Eastwood, Clint (Nhà soạn nhạc, Giám đốc)
Tác giả khác: Penn, Sean (Diễn viên), Stern, Tom (Nhiếp ảnh gia), Linney, Laura (Diễn viên), Lorenz, Robert (Nhà sản xuất), Bacon, Kevin (Diễn viên), Robbins, Tim (Diễn viên), Harden, Marcia Gay (Diễn viên), Fishburne, Laurence (Diễn viên), Helgeland, Brian (Người viết kịch bản)
Định dạng: Slide
Ngôn ngữ:Tiếng Italy
Tiếng Anh
Được phát hành: Milano : Warner home video, ©2005
Phiên bản:Ed. disco singolo
Các nhãn: Thêm thẻ
Không có thẻ, Là người đầu tiên thẻ bản ghi này!

MARC

LEADER 00000ngm a22000007i 4500
001 IT\ICCU\UFE\0694823
003 ItRI
005 20260124182858.0
008 051213s2005 it |||||||||||||||k|||||c
024 3 1 |a 7321958277218 
028 4 2 |a 1000061384  |b a.2003 
028 4 2 |a Z8127721 
028 4 2 |a Z827721 
040 |b ita 
041 7 |a ita  |a eng  |2 ISO-639-2 
082 |a 791.43  |9 CINEMA  |2 12 
130 0 |a Mystic River <film ; 2003>  |3 IT\ICCU\RAV\1239140 
245 0 0 |a Mystic River /  |c directed by Clint Eastwood ; based on the novel by Dennis Lehane ; screenplay by Brian Helgeland ; director of photography Tom Stern ; musiche Clint Eastwood. 
246 1 3 |a La morte non dimentica.  |9 IT\ICCU\RAV\1609036 
250 |a Ed. disco singolo 
260 |a Milano :  |b Warner home video,  |c ©2005 
300 |a 1 DVD-Video (circa 132 min) :  |b color., sonoro 
500 |a Caratteristiche tecniche: area 2; PAL; video 16:9, 2.40:1, adatto a ogni tipo di tv; audio Dolby digital 5.1 
500 |a Titolo del contenitore 
500 |a Film del 2003, produzione Stati Uniti, Australia 
500 |a Interpreti: Sean Penn, Tim Robbins, Kevin Bacon, Laurence Fishburne, Marcia Gay Harden, Laura Linney 
500 |a Lingue e sottotitoli anche per non udenti: italiano, inglese 
500 |a Contenuti speciali: Mystic River, dalla pagina allo schermo. 
700 1 |a Penn, Sean  |0 IT\ICCU\LO1V\154971  |4 act 
700 1 |a Lehane, Dennis  |0 IT\ICCU\LO1V\172470  |4 ant 
700 1 |a Stern, Tom  |0 IT\ICCU\LO1V\302629  |4 pht 
700 1 |a Linney, Laura  |0 IT\ICCU\MODV\171519  |4 act 
700 1 |a Lorenz, Robert  |0 IT\ICCU\MODV\345718  |4 pro 
700 1 |a Bacon, Kevin  |0 IT\ICCU\RAVV\088871  |4 act 
700 1 |a Eastwood, Clint  |0 IT\ICCU\RAVV\089533  |4 cmp 
700 1 |a Eastwood, Clint  |0 IT\ICCU\RAVV\089533  |4 drt 
700 1 |a Robbins, Tim  |0 IT\ICCU\RAVV\090495  |4 act 
700 1 |a Harden, Marcia Gay  |0 IT\ICCU\RAVV\092901  |4 act 
700 1 |a Fishburne, Laurence  |0 IT\ICCU\RAVV\222103  |4 act 
700 1 |a Helgeland, Brian  |0 IT\ICCU\UBOV\491511  |4 sce 
790 1 |a Fishburne, Larry  |3 IT\ICCU\UBOV\076635  |z Fishburne, Laurence 
790 1 |a Fishburne, Lawrence  |3 IT\ICCU\UBOV\076636  |z Fishburne, Laurence 
942 |2 ddc  |c VM  |n 0 
952 |0 0  |1 0  |4 0  |6 VO_1964_000000000000000  |7 0  |9 27442  |a BO  |b BO  |d 2026-01-24  |i 16173  |l 0  |o VO 1964  |p BO16173  |r 2026-01-24 18:28:58  |w 2026-01-24  |x [Sebina 5] [1 dvd]  |y VM  |z 1 dvd 
999 |c 23241  |d 23241